| 000 | 00821cam a2200289 i 4500 | ||
|---|---|---|---|
| 001 | 0000528 | ||
| 003 | DO-SdBNP | ||
| 005 | 20240718104654.0 | ||
| 007 | 0000528 | ||
| 008 | 100514s1987 in |||| 000 f spa | ||
| 015 | _a | ||
| 017 |
_a _b |
||
| 035 | _a | ||
| 040 |
_aBPMSU _bspa _cBPMSU _e |
||
| 080 | _a | ||
| 082 | 4 |
_a954 _bR818u 1987 _222 |
|
| 100 | 1 |
_aRoshen, Dalal _d |
|
| 245 | 1 | 4 |
_aUna historia de la India para niños / _cRoshen Dalal ; ilustraciones Aarohi Phadken _h |
| 260 |
_aIndia : _bAshin Printline, _c2000. |
||
| 300 |
_a237 p.: _bil. ; _c24 cm |
||
| 500 | _aTítulo original en francés: Les Indes noires. | ||
| 590 | _aInventariado, 2024/VM | ||
| 650 | 4 |
_aIndia _xHistoria |
|
| 700 | 1 |
_a Aarohi, Phadken _eilustraciones |
|
| 910 | _aVMateo V. Control de calidad BPMSU | ||
| 942 |
_2ddc _cBK |
||
| 999 |
_c14737 _d14737 |
||